| 000 | 00624nam a22001577a 4500 | ||
|---|---|---|---|
| 003 | OSt | ||
| 005 | 20151210111233.0 | ||
| 008 | 151210b xxu||||| |||| 00| 0 eng d | ||
| 040 | _cRUA | ||
| 082 | _aATM TIT 2004 B205 Or.1 | ||
| 100 |
_94649 _aTITH, SIMO |
||
| 245 | _aThe budget management in department of agronomy and agricultural land improvement, ការគ្រប់គ្រងថវិកានៅនាយកដ្ឋានត្សេត្រសាស្រ្តនិងកែលំអដីកសិកម្ម | ||
| 260 |
_aPhnom Penh _bRUA _c2004 |
||
| 300 |
_avi, 48p. _bill. _c2004 |
||
| 942 |
_2ddc _cATM |
||
| 999 |
_c4331 _d4331 |
||